2025-2026 Dallas Cowboys Roster - Statistics

General Stats
  • This quiz has been taken 45 times
  • The average score is 28 of 52
Answer Stats
Hint Answer % Correct
Wide Receiver CeeDee Lamb
100%
Quarterback Dak Prescott
100%
Wide Receiver George Pickens
100%
Running Back Javonte Williams
97%
Tight End Jake Ferguson
95%
Defensive Lineman Quinnen Williams
95%
Cornerback Daron Bland
87%
Placekicker Brandon Aubrey
84%
Running Back Jaydon Blue
84%
Wide Receiver Jalen Tolbert
82%
Quarterback Joe Milton III
82%
Offensive Lineman Tyler Booker
82%
Offensive Lineman Tyler Guyton
76%
Offensive Lineman Tyler Smith
76%
Wide Receiver KaVontae Turpin
74%
Tight End Luke Schoonmaker
74%
Wide Receiver Ryan Flournoy
71%
Punter Bryan Anger
63%
Offensive Lineman Cooper Beebe
63%
Linebacker DeMarvion Overshown
63%
Safety Donovan Wilson
63%
Defensive Lineman Kenny Clark
58%
Offensive Lineman Terence Steele
55%
Cornerback Alijah Clark
53%
Wide Receiver Jonathan Mingo
53%
Safety Malik Hooker
50%
Defensive Lineman Osa Odighizuwa
50%
Running Back Malik Davis
47%
Running Back Phil Mafah
47%
Long Snapper Trent Sieg
47%
Linebacker Kenneth Murray Jr.
45%
Running Back Miles Sanders
45%
Cornerback Shavon Revel Jr.
45%
Running Back Hunter Luepke
42%
Offensive Lineman Brock Hoffman
37%
Cornerback Caelen Carson
34%
Defensive Lineman Jadeveon Clowney
34%
Safety Juanyeh Thomas
34%
Safety Markquese Bell
34%
Offensive Lineman Nathan Thomas
34%
Defensive Lineman Solomon Thomas
34%
Defensive Lineman Donovan Ezeiruaku
32%
Linebacker Marist Liufau
32%
Linebacker Jack Sanborn
26%
Cornerback Reddy Steward
24%
Linebacker Shemar James
24%
Defensive Lineman James Houston
21%
Defensive Lineman Dante Fowler Jr.
18%
Cornerback Trikweze Bridges
16%
Defensive Lineman Perrion Winfrey
13%
Cornerback Corey Ballentine
8%
Defensive Lineman Payton Turner
8%
No matching quizzes found
Score Distribution
Percent of People with Each Score
Percentile by Number Answered
Your Score History
You have not taken this quiz